000 00462nam a2200181Ia 4500
001 16467
003 IN-NITTTR
005 20251114233155.0
008 251113s9999||||xx |||||||||||||| ||eng||
040 _beng
040 _cIN-NITTTR
041 _aeng
082 _a621.38195 A71M
100 _aAuslander, David M
245 0 _aMicroprocessors for measurement and control. /
_cAuslander, David M, Sagues, Paul
700 _a Sagues, Paul
942 _2ddc
_cBK
999 _c19101
_d19101